000 00802am a2200253a 44500
003 AR-BaBNM
005 20251128211103.0
008 281020s2000 #AR|||||||||||000 | esp||
020 _a950-537-508-5
040 _cAR-BaBNM
100 1 _aTasca, Eduardo Luis
245 1 0 _aEmpresas simuladas y microemprendimientos didácticos
_bdos propuestas para el estudio de la gestión de las organizaciones en la escuela media y polimodal
260 _aBuenos Aires
_bEdiciones Macchi
_c2000
300 _a101 p.
500 _aContiene referencias bibliográficas
650 4 _aGESTION
650 4 _aORGANIZACIONES
653 _aEDUCACION POLIMODAL
653 _aMODALIDADES DEL POLIMODAL
653 _aESTRATEGIAS DIDACTICAS
653 _aPROYECTOS CURRICULARES
942 _cBK
998 _cRAQUEL
999 _c18172
_d18172